| 000 | 00584nmc a2200229 a 4500 | ||
|---|---|---|---|
| 003 | AR-BaBNM | ||
| 005 | 20251128205844.0 | ||
| 008 | 278019s1953 ||||||||||||||000 | spa|| | ||
| 040 | _cAR-BaBNM | ||
| 100 | 1 | _aLaferrére, Roberto de | |
| 245 | 1 | 0 | _aEl nacionalismo de Rosas |
| 260 |
_aBuenos Aires _bHaz _c1953 |
||
| 300 | 0 | _a137 p. | |
| 490 | 0 | _aNuestra historia | |
| 650 | 4 | _aHISTORIA DE LAS IDEAS | |
| 650 | 4 | _aNACIONALISMO | |
| 650 | 4 | _aROSAS Y SU TIEMPO | |
| 650 | 4 | _aHISTORIA POLITICA ARGENTINA | |
| 650 | 4 | _aIDEOLOGIAS POLITICAS | |
| 942 | _cBK | ||
| 998 | _cMariana | ||
| 999 |
_c13040 _d13040 |
||